Gestión ambiental y planificación del desarrollo (Registro nro. 6508)
[ vista simple ]
| 000 -Cabecera | |
|---|---|
| Campo de control de longitud fija | 00586atm a2200205 4500 |
| 005 - Fecha y hora de la última transacción | |
| Campo de control | 20250729145017.0 |
| 008 - Elementos de longitud fija--Información general | |
| Campo de control de longitud fija | 150727b2002 xxu||||| |||| 00| 0 spa d |
| 041 ## - Idioma | |
| Código de idioma | Español |
| 082 ## - Clasificación Decimal Dewey | |
| Número de clasificación | 333.716 A949g |
| 100 ## - Entrada principal--Autor personal | |
| Nombre personal | Avellaneda Cusaria, Alfonso |
| 245 ## - Título propiamente dicho | |
| Título | Gestión ambiental y planificación del desarrollo |
| 260 ## - Pie de imprenta | |
| Lugar de publicación, distribución, etc. | Colombia |
| Nombre del editor, distribuidor, etc. | ECOE |
| Fecha de publicación, distribución, etc. | 2002 |
| 300 ## - Descripción física | |
| Extensión | 232 páginas |
| 490 ## - Serie | |
| Título de la Serie | Turismo |
| 650 ## - Materia general | |
| Temática (materia general) | GESTIÓN AMBIENTAL |
| 650 ## - Materia general | |
| Temática (materia general) | PROTECCION DEL MEDIO AMBIENTE |
| 650 ## - Materia general | |
| Temática (materia general) | DESARROLLO SOSTENIBLE |
| 650 ## - Materia general | |
| Temática (materia general) | CONSERVACION DE LOS RECURSOS NATURALES |
| 942 ## - Punto de acceso adicional KOHA | |
| Tipo de ítem KOHA | Libro |
| Fuente del sistema de clasificación o colocación | Dewey Decimal Classification |
| Signatura completa | Código de barras | Programa Académico | Tipo de ítem |
|---|---|---|---|
| 333.716 A949g | 11754 | Turismo | Libro |